[Event "World Rapid 2015"]
[Site "Berlin GER"]
[Date "2015.10.12"]
[Round "15.55"]
[White "Sethuraman, S.P."]
[Black "Shchekachev, Andrei"]
[Result "1-0"]
[WhiteElo "2640"]
[BlackElo "2531"]
[PlyCount "55"]
[EventDate "2015.10.10"]
[EventType "rapid"]

1. e4 c5 2. Nf3 e6 3. d4 cxd4 4. Nxd4 a6 5. Bd3 Bc5 6. Nb3 Be7 7. Qg4 g6 8. Qe2
d6 9. a4 Nd7 10. O-O Ne5 11. c4 Nf6 12. Bh6 Nfg4 13. Bg7 Rg8 14. Bxe5 Nxe5 15.
Bc2 g5 16. Nc3 Bf8 17. a5 Bd7 18. Nd2 g4 19. f4 gxf3 20. Nxf3 Qf6 21. Kh1 Rc8
22. Ba4 Bxa4 23. Nxa4 Nxf3 24. Rxf3 Qd4 25. Nb6 Rc5 26. Rd1 Qg7 27. b4 Rc6 28.
Rg3 1-0

[Event "World Rapid 2015"]
[Site "Berlin GER"]
[Date "2015.10.12"]
[Round "15.57"]
[White "Rasmussen, Allan Stig"]
[Black "Hasangatin, Ramil"]
[Result "0-1"]
[WhiteElo "2498"]
[BlackElo "2509"]
[PlyCount "138"]
[EventDate "2015.10.10"]
[EventType "rapid"]

1. Nf3 d5 2. d4 c6 3. c4 dxc4 4. e3 Be6 5. a4 Nf6 6. Na3 c5 7. Nxc4 Nc6 8. Be2
cxd4 9. exd4 Bd5 10. O-O e6 11. Be3 Be7 12. Nfe5 O-O 13. Rc1 Rc8 14. f4 g6 15.
g4 Bxc4 16. Rxc4 Nd5 17. Bc1 Nb6 18. Nxc6 bxc6 19. Rc3 c5 20. dxc5 Bxc5+ 21.
Kg2 Qxd1 22. Bxd1 Bd4 23. Rxc8 Rxc8 24. Bb3 Nd5 25. f5 gxf5 26. gxf5 Rb8 27.
fxe6 fxe6 28. Rf3 Kg7 29. Rd3 Bf6 30. Rg3+ Kf7 31. Rh3 Bxb2 32. Bxd5 exd5 33.
Rxh7+ Kg6 34. Rh6+ Kf5 35. Bxb2 Rxb2+ 36. Kf3 Rb3+ 37. Ke2 Ra3 38. Rh5+ Ke4 39.
Rh4+ Ke5 40. Kd2 a5 41. Kc2 Rf3 42. Rh8 Kd4 43. h4 Rh3 44. h5 Kc4 45. h6 Rh2+
46. Kd1 Kd3 47. Ke1 d4 48. Kf1 Kd2 49. h7 d3 50. Kg1 Rh6 51. Kf2 Rf6+ 52. Kg3
Rf7 53. Kg4 Rc7 54. Kf5 Kc2 55. Kg6 Rc6+ 56. Kg5 Rc5+ 57. Kf6 Rc6+ 58. Ke5 Rc7
59. Kd6 Rc4 60. Kd5 Rc7 61. Kd6 Rc3 62. Rd8 d2 63. h8=Q d1=Q+ 64. Ke7 Re3+ 65.
Kf7 Qf1+ 66. Qf6 Rf3 67. Rc8+ Kb1 68. Rb8+ Ka2 69. Rb2+ Ka3 0-1

[Event "World Rapid 2015"]
[Site "Berlin GER"]
[Date "2015.10.12"]
[Round "15.58"]
[White "Dlugy, Maxim"]
[Black "Milanovic, Danilo"]
[Result "1/2-1/2"]
[WhiteElo "2518"]
[BlackElo "2469"]
[PlyCount "121"]
[EventDate "2015.10.10"]
[EventType "rapid"]

1. d4 Nf6 2. c4 c5 3. d5 b5 4. cxb5 a6 5. f3 g6 6. e4 Bg7 7. Na3 O-O 8. Ne2 e6
9. dxe6 fxe6 10. Qd6 axb5 11. Nxb5 Na6 12. Ng3 Rb8 13. a4 Rb6 14. Qd1 d5 15.
Be2 Bb7 16. Bd2 Qa8 17. exd5 exd5 18. O-O Kh8 19. Qc1 Re6 20. Bh6 Rfe8 21.
Bxg7+ Kxg7 22. Rf2 Qd8 23. f4 d4 24. f5 Re3 25. fxg6 hxg6 26. Qd2 Nb4 27. Raf1
Nbd5 28. Bc4 R8e7 29. Nxd4 cxd4 30. Bxd5 Nxd5 31. Qxd4+ R3e5 32. Rf6 Qe8 33.
Rd6 R7e6 34. Re1 Nf6 35. Rxe6 Rxe6 36. Rf1 Qc6 37. Rf2 Re1+ 38. Nf1 Ba6 39. b4
Bxf1 40. Rxf1 Rxf1+ 41. Kxf1 Qxa4 42. g4 Qb5+ 43. Kf2 Kf7 44. h4 Nd5 45. h5 g5
46. h6 Nf6 47. Qa7+ Nd7 48. Qd4 Nf6 49. Qa7+ Nd7 50. Qd4 Qb6 51. Qxb6 Nxb6 52.
Ke3 Kg6 53. Kd4 Kxh6 54. b5 Kg6 55. Ke5 Nc4+ 56. Ke6 Nb6 57. Ke5 Nc4+ 58. Ke6
Kg7 59. Kf5 Kh6 60. Kf6 Nb6 61. Kf5 1/2-1/2

[Event "World Rapid 2015"]
[Site "Berlin GER"]
[Date "2015.10.12"]
[Round "15.59"]
[White "Olafsson, Helgi"]
[Black "Ladva, Ottomar"]
[Result "1-0"]
[WhiteElo "2549"]
[BlackElo "2423"]
[PlyCount "65"]
[EventDate "2015.10.10"]
[EventType "rapid"]

1. d4 Nf6 2. c4 e6 3. Nf3 b6 4. Bf4 Bb7 5. e3 Be7 6. h3 O-O 7. Nc3 d5 8. cxd5
Nxd5 9. Nxd5 Qxd5 10. Bd3 Qa5+ 11. Ke2 c5 12. dxc5 bxc5 13. Qc2 Ba6 14. Ne5 Rd8
15. Rhd1 Rxd3 16. Rxd3 Qb5 17. Qb3 Bf6 18. Ke1 g5 19. Ng4 Be7 20. Qxb5 Bxb5 21.
Rb3 gxf4 22. Rxb5 fxe3 23. fxe3 Nc6 24. Rd1 Kf8 25. Rb7 h5 26. Nf2 Ne5 27. Ke2
c4 28. Rb5 f6 29. g4 Kf7 30. g5 Rc8 31. gxf6 Bxf6 32. Ne4 Rc7 33. Nxf6 1-0

[Event "World Rapid 2015"]
[Site "Berlin GER"]
[Date "2015.10.12"]
[Round "15.60"]
[White "Godena, Michele"]
[Black "Carlstedt, Jonathan"]
[Result "0-1"]
[WhiteElo "2513"]
[BlackElo "2442"]
[PlyCount "118"]
[EventDate "2015.10.10"]
[EventType "rapid"]

1. e4 e5 2. Nf3 Nc6 3. Bc4 Nf6 4. d3 Bc5 5. Nc3 a6 6. a3 h6 7. h3 Qe7 8. Ne2 d6
9. c3 Ba7 10. Ng3 Bd7 11. b4 O-O-O 12. a4 d5 13. Bxd5 Nxd5 14. exd5 Nb8 15. Be3
Bxe3 16. fxe3 f5 17. e4 f4 18. Ne2 g5 19. d4 exd4 20. Qxd4 Rhe8 21. e5 Be6 22.
c4 Qxb4+ 23. Qc3 Qxc3+ 24. Nxc3 Bf5 25. O-O-O Nd7 26. e6 Nc5 27. Ne5 Rd6 28. a5
Bxe6 29. dxe6 Rdxe6 30. Nd3 Nb3+ 31. Kc2 Nxa5 32. Nb2 Nc6 33. Rd2 Re1 34. Rxe1
Rxe1 35. Nd5 b5 36. cxb5 axb5 37. Kb3 Re5 38. Nb4 Na5+ 39. Kc2 c5 40. N4d3 Rf5
41. Re2 Kd7 42. Ne5+ Kd6 43. Nf3 h5 44. Rd2+ Kc7 45. Kd1 Nb3 46. Re2 Kd6 47.
Kc2 c4 48. Re8 g4 49. Nh4 Re5 50. Rxe5 Kxe5 51. hxg4 hxg4 52. Ng6+ Ke4 53. Nd1
Nd4+ 54. Kc3 Nc6 55. Nf2+ Kf5 56. Nf8 Ne5 57. Kb4 Nd3+ 58. Nxd3 cxd3 59. Kc3 f3
0-1

[Event "World Rapid 2015"]
[Site "Berlin GER"]
[Date "2015.10.12"]
[Round "15.61"]
[White "Wagner, Dennis"]
[Black "Tari, Aryan"]
[Result "1/2-1/2"]
[WhiteElo "2575"]
[BlackElo "2521"]
[PlyCount "56"]
[EventDate "2015.10.10"]
[EventType "rapid"]

1. Nf3 d5 2. d4 Nf6 3. c4 e6 4. Nc3 Bb4 5. cxd5 exd5 6. Bg5 h6 7. Bh4 c5 8.
dxc5 Nbd7 9. e3 Qa5 10. Nd2 O-O 11. Rc1 Qxc5 12. a3 Bxc3 13. Rxc3 Qb6 14. Qb3
d4 15. Qxb6 Nxb6 16. exd4 Nfd5 17. Rc5 Re8+ 18. Kd1 Bg4+ 19. f3 Ne3+ 20. Kc1
Bd7 21. Ne4 Na4 22. Re5 Rac8+ 23. Kd2 Nxf1+ 24. Rxf1 Rxe5 25. dxe5 Nxb2 26. Nd6
Nc4+ 27. Nxc4 Rxc4 28. Be7 Bc6 1/2-1/2

[Event "World Rapid 2015"]
[Site "Berlin GER"]
[Date "2015.10.12"]
[Round "15.62"]
[White "Svane, Rasmus"]
[Black "Choukri, Adel"]
[Result "1-0"]
[WhiteElo "2543"]
[BlackElo "2199"]
[PlyCount "111"]
[EventDate "2015.10.10"]
[EventType "rapid"]

1. Nf3 c5 2. c4 d6 3. Nc3 e5 4. g3 g6 5. Bg2 Bg7 6. O-O Ne7 7. Ne1 O-O 8. Nc2
Nbc6 9. Rb1 Bf5 10. d3 Qd7 11. b4 Rac8 12. bxc5 dxc5 13. Ne3 Be6 14. Ne4 b6 15.
Ng5 Bf5 16. Nxf5 gxf5 17. Nf3 Rcd8 18. Bg5 Qe6 19. Qa4 Bf6 20. Bh6 Bg7 21. Be3
Rd7 22. Rfe1 Rfd8 23. Rbd1 h6 24. Nd2 Nd4 25. Bxd4 exd4 26. Qb5 Ng6 27. a4 f4
28. a5 h5 29. axb6 axb6 30. Qc6 Rd6 31. Qe4 fxg3 32. hxg3 Qd7 33. Qb7 Qe6 34.
Qe4 Qd7 35. Ra1 Bh6 36. Nf3 Re8 37. Ra8 Rxa8 38. Qxa8+ Kg7 39. Qe4 b5 40. Ne5
Qe8 41. Nxg6 Re6 42. Qd5 Kxg6 43. Qxc5 bxc4 44. Be4+ Kg7 45. Qxd4+ Kg8 46. Qxc4
h4 47. Ra1 Qe7 48. Ra8+ Bf8 49. Qd5 hxg3 50. fxg3 Kh8 51. Qh5+ Kg7 52. Qh7+ Kf6
53. Qh8+ Bg7 54. Qh4+ Ke5 55. Qf4+ Kd4 56. Bf3+ 1-0

[Event "World Rapid 2015"]
[Site "Berlin GER"]
[Date "2015.10.12"]
[Round "15.63"]
[White "Seel, Christian"]
[Black "Stern, Rene"]
[Result "1-0"]
[WhiteElo "2474"]
[BlackElo "2538"]
[PlyCount "161"]
[EventDate "2015.10.10"]
[EventType "rapid"]

1. Nf3 Nf6 2. g3 e6 3. Bg2 d5 4. O-O Be7 5. d4 b5 6. a4 b4 7. c4 bxc3 8. bxc3
Ba6 9. Ne5 Nfd7 10. Nd3 Nb6 11. Nb4 Bb7 12. a5 Nc4 13. a6 Bc8 14. e4 c6 15. Qg4
Bf6 16. Nd2 Nb6 17. Ba3 O-O 18. Nd3 Re8 19. e5 Bg5 20. Nf3 Bxa6 21. Rfd1 Be7
22. Nf4 Kh8 23. Nh5 Rg8 24. Nf4 g5 25. Nh5 Be2 26. Re1 Bxf3 27. Qxf3 Bxa3 28.
Rxa3 Qe7 29. Rb3 N8d7 30. Ra1 g4 31. Qd1 Qg5 32. Nf4 h5 33. Bf1 h4 34. Rba3 Kg7
35. Rxa7 hxg3 36. fxg3 Rxa7 37. Rxa7 Rh8 38. Rb7 Rb8 39. Qc1 Qh6 40. Rxb8 Nxb8
41. Qa3 N8d7 42. Qd6 Qh8 43. Qe7 Qh6 44. Bd3 Nf8 45. Qc5 Na4 46. Qb4 Nh7 47.
Qxa4 Ng5 48. Be2 Nh3+ 49. Nxh3 gxh3 50. Qc2 Qe3+ 51. Kf1 c5 52. Qd3 Qc1+ 53.
Bd1 c4 54. Qf3 Kf8 55. g4 Qd2 56. Be2 Qh6 57. Kf2 Ke8 58. Kg3 Kf8 59. Bf1 Qd2
60. Kxh3 Qe1 61. Kg2 Qd2+ 62. Be2 Qe1 63. g5 Ke8 64. Kh3 Qd2 65. Kg4 Qe1 66. h4
Qg1+ 67. Qg3 Qb1 68. Kf3 Qf5+ 69. Kg2 Qe4+ 70. Kf2 Qf5+ 71. Qf3 Qg6 72. Qf4 Qc2
73. Qg3 Qf5+ 74. Kg1 Qe4 75. Bf1 Qg6 76. Kh2 Qc2+ 77. Bg2 Qg6 78. Qf4 Qd3 79.
Qf3 Qd2 80. Kh3 Qc1 81. Kg4 1-0

[Event "World Rapid 2015"]
[Site "Berlin GER"]
[Date "2015.10.12"]
[Round "15.64"]
[White "Handke, Florian"]
[Black "Carow, Johannes"]
[Result "1-0"]
[WhiteElo "2531"]
[BlackElo "2431"]
[PlyCount "93"]
[EventDate "2015.10.10"]
[EventType "rapid"]

1. d4 Nf6 2. Nf3 g6 3. c4 Bg7 4. Nc3 d5 5. cxd5 Nxd5 6. e4 Nxc3 7. bxc3 c5 8.
h3 Nc6 9. Be3 Qa5 10. Bd2 O-O 11. Be2 e6 12. O-O Qc7 13. Rc1 Rd8 14. Bg5 f6 15.
Be3 b6 16. h4 Na5 17. h5 Bb7 18. Bd3 f5 19. Ng5 Qe7 20. hxg6 hxg6 21. d5 Bf6
22. Nxe6 fxe4 23. Nxd8 Rxd8 24. Bb1 Bxd5 25. Qg4 Kf7 26. f3 Nc4 27. Bf4 Be6 28.
Qg3 g5 29. Bc7 Rc8 30. fxe4 Qxc7 31. Qxg5 Qe5 32. Rxf6+ Qxf6 33. Rf1 Qxf1+ 34.
Kxf1 Rg8 35. Qf4+ Ke7 36. Qc7+ Kf6 37. Bd3 Ne5 38. Be2 Rg7 39. Qd8+ Re7 40.
Qh8+ Rg7 41. a4 Ng6 42. Qd8+ Ne7 43. a5 bxa5 44. Qxa5 c4 45. Qxa7 Nc6 46. Qf2+
Kg6 47. Qc5 1-0

[Event "World Rapid 2015"]
[Site "Berlin GER"]
[Date "2015.10.12"]
[Round "15.65"]
[White "Munoz Pantoja, Miguel"]
[Black "Meister, Jakob"]
[Result "0-1"]
[WhiteElo "2441"]
[BlackElo "2437"]
[PlyCount "128"]
[EventDate "2015.10.10"]
[EventType "rapid"]

1. e4 c5 2. g3 b6 3. Bg2 Bb7 4. Ne2 Nf6 5. d3 d5 6. O-O e6 7. e5 Nfd7 8. f4 Nc6
9. c4 dxc4 10. dxc4 Na5 11. Bxb7 Nxb7 12. Nbc3 Qc7 13. Qa4 Na5 14. Be3 Qc6 15.
Qxc6 Nxc6 16. Rad1 O-O-O 17. Ne4 Be7 18. N2c3 a6 19. Nd6+ Bxd6 20. Rxd6 Ndb8
21. Ne4 Kc7 22. Rxd8 Nxd8 23. Rd1 Nbc6 24. Nd6 Rf8 25. Kf2 Nb7 26. Ne4 h6 27.
Ke2 Rd8 28. Rxd8 Kxd8 29. a3 Kd7 30. Kd3 h5 31. Kc3 Ne7 32. b4 cxb4+ 33. axb4
b5 34. h3 bxc4 35. Kxc4 Nd5 36. Bd2 Kc6 37. Ng5 Nd8 38. Nf3 Nb6+ 39. Kd3 Kd5
40. Nd4 Nc4 41. Bc3 Na3 42. Bb2 Nc4 43. Bc3 Na3 44. Bb2 Nb5 45. Nc2 Kc6 46. Ne3
Nc7 47. Kc4 Nd5 48. Nxd5 exd5+ 49. Kd3 g6 50. g4 hxg4 51. hxg4 Ne6 52. Bc1 Nc7
53. f5 gxf5 54. gxf5 Nb5 55. Bf4 Kd7 56. Be3 Ke7 57. Bc5+ Kd7 58. Ke3 Ke8 59.
Kf4 Nc3 60. e6 fxe6 61. fxe6 d4 62. Kf3 d3 63. Ke3 d2 64. Kxd2 Ne4+ 0-1

[Event "World Rapid 2015"]
[Site "Berlin GER"]
[Date "2015.10.12"]
[Round "15.66"]
[White "Sanal, Vahap"]
[Black "Hausrath, Daniel"]
[Result "0-1"]
[WhiteElo "2501"]
[BlackElo "2503"]
[PlyCount "116"]
[EventDate "2015.10.10"]
[EventType "rapid"]

1. e4 c5 2. Nf3 Nc6 3. Nc3 Nf6 4. Bb5 Qc7 5. O-O Nd4 6. Nxd4 cxd4 7. Nd5 Nxd5
8. exd5 Qc5 9. c4 a6 10. b4 Qxb4 11. Ba4 b5 12. Bc2 bxc4 13. d3 g6 14. Rb1 Qd6
15. Qf3 Bg7 16. Bf4 Qc5 17. d6 Qc6 18. Qe2 e6 19. dxc4 Qc5 20. Rfe1 O-O 21. h4
Ra7 22. h5 Bb7 23. hxg6 fxg6 24. Bg3 Bc6 25. Bd3 Rb7 26. Rxb7 Bxb7 27. Be5 Bc6
28. Bxg7 Kxg7 29. Qe5+ Qxe5 30. Rxe5 Kf6 31. Ra5 e5 32. f3 Rb8 33. Rxa6 Rb2 34.
c5 Rd2 35. Be4 Bxe4 36. fxe4 Rc2 37. Kf1 Rxc5 38. a4 Ke6 39. Ke2 Rc2+ 40. Kf3
Rc6 41. Ra8 Kxd6 42. a5 Rc3+ 43. Kf2 Kc7 44. Re8 Rc5 45. a6 Kb6 46. Re7 Kxa6
47. Rxd7 Rc2+ 48. Kf1 Kb5 49. Rd5+ Rc5 50. Rd7 Kc4 51. Ke2 Kc3 52. Rxh7 Kc2 53.
Re7 Rc3 54. Rxe5 d3+ 55. Kf2 d2 56. Rd5 d1=Q 57. Rxd1 Kxd1 58. e5 Rc5 0-1

[Event "World Rapid 2015"]
[Site "Berlin GER"]
[Date "2015.10.12"]
[Round "15.68"]
[White "Przybylski, Wojciech"]
[Black "Stefansson, Hannes"]
[Result "0-1"]
[WhiteElo "2354"]
[BlackElo "2602"]
[PlyCount "78"]
[EventDate "2015.10.10"]
[EventType "rapid"]

1. e4 e5 2. Nf3 Nc6 3. Bb5 a6 4. Ba4 Nf6 5. O-O Be7 6. Re1 b5 7. Bb3 d6 8. c3
O-O 9. d4 Bg4 10. a4 b4 11. a5 bxc3 12. bxc3 exd4 13. cxd4 Rb8 14. Bc4 d5 15.
exd5 Nxd5 16. h3 Bxf3 17. Qxf3 Ndb4 18. Na3 Nxd4 19. Qe4 Bf6 20. Bf4 Qd7 21.
Rad1 Rfe8 22. Qb1 Nd5 23. Qc1 Rxe1+ 24. Rxe1 Ne6 25. Be5 Bxe5 26. Rxe5 Ndf4 27.
Bxa6 Qd6 28. Re4 Qxa6 29. Rxf4 Nxf4 30. Qxf4 Qxa5 31. Nc2 Qc5 32. Qe4 Qd6 33.
Ne3 h6 34. g3 Qe6 35. Qc2 Qxh3 36. Nf5 Re8 37. Qb1 Qg4 38. Qb5 Re1+ 39. Kh2
Qh5+ 0-1

[Event "World Rapid 2015"]
[Site "Berlin GER"]
[Date "2015.10.12"]
[Round "15.69"]
[White "Piorun, Kacper"]
[Black "Breutigam, Martin"]
[Result "1-0"]
[WhiteElo "2609"]
[BlackElo "2380"]
[PlyCount "73"]
[EventDate "2015.10.10"]
[EventType "rapid"]

1. Nf3 d5 2. g3 c5 3. Bg2 Nc6 4. d4 e6 5. O-O Nf6 6. c4 Be7 7. dxc5 Bxc5 8. a3
a6 9. b4 Ba7 10. Bb2 O-O 11. Nbd2 Re8 12. e3 Bd7 13. Qb3 Qe7 14. Rac1 Rad8 15.
h3 Bc8 16. Ne5 Nxe5 17. Bxe5 d4 18. c5 dxe3 19. Qxe3 Nd5 20. Qb3 Bd7 21. Bd6
Qg5 22. Nf3 Qf6 23. a4 Bb8 24. Bxb8 Rxb8 25. Rfe1 Rbd8 26. Ne5 Bc8 27. c6 h5
28. h4 Rd6 29. Nc4 Rdd8 30. Na5 b6 31. Nc4 b5 32. axb5 axb5 33. Nd2 Qd4 34.
Red1 Qg4 35. Ne4 e5 36. Rxd5 Be6 37. Rxd8 1-0

[Event "World Rapid 2015"]
[Site "Berlin GER"]
[Date "2015.10.12"]
[Round "15.70"]
[White "Camacho Collados, Jose"]
[Black "Papin, Vasily"]
[Result "0-1"]
[WhiteElo "2383"]
[BlackElo "2502"]
[PlyCount "84"]
[EventDate "2015.10.10"]
[EventType "rapid"]

1. Nf3 c5 2. e4 e6 3. g3 b6 4. Bg2 Bb7 5. d3 d5 6. Qe2 Nf6 7. e5 Nfd7 8. O-O
Nc6 9. c4 d4 10. h4 Be7 11. Bf4 h6 12. h5 Qc7 13. Re1 Nf8 14. g4 g6 15. hxg6
Nxg6 16. Bg3 h5 17. gxh5 Rxh5 18. Na3 Rh8 19. Nb5 Qd7 20. Nd2 a6 21. Nd6+ Bxd6
22. exd6 O-O-O 23. a3 Nh4 24. Ne4 Nxg2 25. Nf6 Nxe1 26. Nxd7 Kxd7 27. f3 Rdg8
28. Qxe1 Rh3 29. Kg2 Rhxg3+ 30. Qxg3 Rxg3+ 31. Kxg3 Ne5 32. Rd1 Nxf3 33. Kf4
Kxd6 34. b4 Ne5 35. bxc5+ bxc5 36. Kg5 Bf3 37. Rb1 Nxd3 38. Rb6+ Kc7 39. Rxa6
Bb7 40. Ra5 e5 41. Rb5 e4 42. Rb3 e3 0-1

[Event "World Rapid 2015"]
[Site "Berlin GER"]
[Date "2015.10.12"]
[Round "15.71"]
[White "Shabalov, Alexander"]
[Black "Carstensen, Jacob"]
[Result "1-0"]
[WhiteElo "2522"]
[BlackElo "2352"]
[PlyCount "99"]
[EventDate "2015.10.10"]
[EventType "rapid"]

1. e4 c5 2. Nf3 d6 3. d4 Nf6 4. Nc3 cxd4 5. Nxd4 a6 6. h3 b5 7. g4 Bb7 8. Bg2
b4 9. Nd5 Nxd5 10. exd5 e5 11. Nc6 Qc7 12. Nxb4 a5 13. Nd3 Nd7 14. b3 Qc3+ 15.
Bd2 Qd4 16. O-O Nf6 17. g5 Nxd5 18. Qg4 Qxg4 19. hxg4 Bc6 20. f4 Nb4 21. Nxb4
Bxg2 22. Kxg2 axb4 23. Bxb4 Be7 24. f5 Bxg5 25. Bxd6 f6 26. a4 h5 27. Rh1 O-O-O
28. Rad1 hxg4 29. Rxh8 Rxh8 30. c4 Rh3 31. b4 Bf4 32. Bc5 Rc3 33. a5 Rxc4 34.
a6 e4 35. Ra1 Rc2+ 36. Kf1 Rc1+ 37. Rxc1 Bxc1 38. b5 Bf4 39. b6 Kb8 40. Kf2 Ka8
41. Kg2 e3 42. Be7 e2 43. Bb4 g3 44. Kf3 Bd6 45. Bxd6 e1=Q 46. b7+ Ka7 47.
b8=Q+ Kxa6 48. Qc8+ Kb5 49. Qc5+ Ka4 50. Qc4+ 1-0

[Event "World Rapid 2015"]
[Site "Berlin GER"]
[Date "2015.10.12"]
[Round "15.72"]
[White "Gutov, Andrey"]
[Black "Valdes Romero, Leonardo"]
[Result "0-1"]
[WhiteElo "2384"]
[BlackElo "2362"]
[PlyCount "96"]
[EventDate "2015.10.10"]
[EventType "rapid"]

1. d4 Nf6 2. c4 g6 3. Nc3 Bg7 4. e4 d6 5. Nf3 O-O 6. Be2 e5 7. O-O Nc6 8. d5
Ne7 9. Ne1 Nd7 10. Nd3 f5 11. Bd2 Nf6 12. f3 Kh8 13. Rc1 c5 14. g4 f4 15. b4 b6
16. bxc5 bxc5 17. Rb1 g5 18. Qa4 h5 19. h3 Rf7 20. Kg2 Ng6 21. Be1 Bf8 22. Qc6
Bd7 23. Qa6 Bc8 24. Qa4 Rh7 25. Bf2 Bd7 26. Qa3 Qc8 27. Rh1 Be7 28. Qb2 Bd8 29.
Nb5 Be7 30. Bxc5 Bxb5 31. cxb5 dxc5 32. Nxe5 Nxe5 33. Qxe5 Qb8 34. Qe6 Qd6 35.
Bd3 Rg7 36. Rhe1 Nd7 37. e5 Qxe6 38. dxe6 Nb6 39. Be4 Rd8 40. Red1 Rgg8 41. a4
Nc4 42. Rd7 Rxd7 43. exd7 Nxe5 44. Bf5 Rd8 45. Re1 Bf6 46. Rd1 Nc4 47. Kf2 Bd4+
48. Ke2 Ne3 0-1

[Event "World Rapid 2015"]
[Site "Berlin GER"]
[Date "2015.10.12"]
[Round "15.73"]
[White "Berend, Elvira"]
[Black "Abel, Dennes"]
[Result "0-1"]
[WhiteElo "2370"]
[BlackElo "2441"]
[PlyCount "124"]
[EventDate "2015.10.10"]
[EventType "rapid"]

1. d4 d5 2. c4 c6 3. e3 Nf6 4. Nf3 Bf5 5. Nc3 e6 6. Bd3 Bg6 7. O-O Be7 8. b3
Nbd7 9. Bb2 O-O 10. Qc2 Rc8 11. Bxg6 hxg6 12. c5 Qc7 13. Rad1 Rfe8 14. h3 Bf8
15. Ne2 Ne4 16. b4 g5 17. Nc3 Ndf6 18. Ne5 Nxc3 19. Bxc3 Ne4 20. f3 Nxc3 21.
Qxc3 f6 22. Ng4 e5 23. dxe5 f5 24. Nf2 Qxe5 25. Qc2 g6 26. e4 Rcd8 27. exf5
gxf5 28. Nd3 Qd4+ 29. Kh1 Re3 30. Nf2 Qf6 31. Qd2 Qc3 32. Nd3 Qxd2 33. Rxd2 Bg7
34. Rfd1 Rde8 35. Kg1 Bc3 36. Rc2 Bf6 37. Kf1 Kf7 38. Rcd2 Bd8 39. Re1 Rxe1+
40. Nxe1 Bf6 41. Nc2 Rh8 42. Ke2 Rh4 43. Rd3 Rc4 44. Kd2 Kg6 45. a3 Be5 46. g4
f4 47. Kd1 Kf6 48. Rb3 b6 49. cxb6 axb6 50. Ne1 Ke6 51. Ng2 Bf6 52. Kd2 Kd6 53.
Ne1 Bd4 54. Nd3 Be3+ 55. Kd1 Rd4 56. Ke2 Rc4 57. Ne1 Rc1 58. Rb2 Ra1 59. Nc2
Rh1 60. Rb3 Rh2+ 61. Kd3 Rd2+ 62. Kc3 d4+ 0-1

[Event "World Rapid 2015"]
[Site "Berlin GER"]
[Date "2015.10.12"]
[Round "15.74"]
[White "Petursson, Margeir"]
[Black "Pavlovic, Milos"]
[Result "0-1"]
[WhiteElo "2520"]
[BlackElo "2481"]
[PlyCount "78"]
[EventDate "2015.10.10"]
[EventType "rapid"]

1. c4 e6 2. g3 d5 3. Bg2 Nf6 4. Nf3 Be7 5. O-O O-O 6. d4 dxc4 7. Ne5 Nc6 8.
Nxc6 bxc6 9. Na3 Bxa3 10. bxa3 Ba6 11. Qa4 Bb5 12. Qc2 Qxd4 13. Bb2 Qc5 14. a4
Ba6 15. Qc3 Rfd8 16. Ba3 Nd5 17. Qxg7+ Kxg7 18. Bxc5 Rab8 19. Rfc1 e5 20. Rc2
Rb7 21. e3 Rdb8 22. Bf1 Rb1 23. Rxb1 Rxb1 24. Kg2 Nb4 25. Bxb4 Rxb4 26. a5 Bb5
27. g4 Kf6 28. h4 Ke6 29. Kg3 Kd6 30. g5 Kc5 31. Bd3 Ba4 32. Rc1 Bd1 33. Bxh7
Bh5 34. f4 exf4+ 35. exf4 Kd4 36. f5 c3 37. g6 Kd3 38. g7 Rg4+ 39. Kf2 Rxg7 0-1

[Event "World Rapid 2015"]
[Site "Berlin GER"]
[Date "2015.10.12"]
[Round "15.75"]
[White "Bruedigam, Martin"]
[Black "Ben Artzi, Ido"]
[Result "0-1"]
[WhiteElo "2375"]
[BlackElo "2419"]
[PlyCount "126"]
[EventDate "2015.10.10"]
[EventType "rapid"]

1. e4 e5 2. Nf3 Nc6 3. Bc4 Bc5 4. b4 Bxb4 5. c3 Be7 6. d4 Na5 7. Bd3 d6 8. dxe5
dxe5 9. Nxe5 Nf6 10. O-O O-O 11. Qc2 Nd7 12. Nxd7 Bxd7 13. e5 h6 14. Be3 Be6
15. Nd2 Qd7 16. f4 Rad8 17. Bh7+ Kh8 18. f5 Kxh7 19. Bd4 Kg8 20. fxe6 Qxe6 21.
Nf3 Nc6 22. Rae1 Nxd4 23. cxd4 c6 24. Re4 Rd5 25. h3 Rfd8 26. Kh1 Ra5 27. a4 c5
28. dxc5 Rxc5 29. Qe2 Rcd5 30. Rg4 Qd7 31. Qf2 Rd1 32. Rxd1 Qxd1+ 33. Kh2 b6
34. a5 Qb1 35. a6 Rd1 36. Qe3 h5 37. Rc4 Rh1+ 38. Kg3 Qg6+ 39. Kf2 Bc5 40. Rxc5
bxc5 41. Qxc5 Ra1 42. Qxa7 Ra2+ 43. Ke3 Rxa6 44. Qb8+ Kh7 45. Qb2 Rb6 46. Qa2
Ra6 47. Qb2 Qb6+ 48. Qxb6 Rxb6 49. h4 Kg6 50. Nd4 Rb4 51. g3 Ra4 52. Ke4 Ra3
53. Kf4 Ra4 54. Ke4 Ra1 55. Kf4 Rf1+ 56. Ke4 Re1+ 57. Kf4 Ra1 58. Ke4 Ra4 59.
Ke3 f5 60. exf6 Kxf6 61. Ne2 Kf5 62. Nf4 Kg4 63. Kf2 Rxf4+ 0-1

[Event "World Rapid 2015"]
[Site "Berlin GER"]
[Date "2015.10.12"]
[Round "15.76"]
[White "Cordeiro, Marco Aurelio Zaror"]
[Black "Osmanodja, Filiz"]
[Result "1-0"]
[WhiteElo "2228"]
[BlackElo "2291"]
[PlyCount "95"]
[EventDate "2015.10.10"]
[EventType "rapid"]

1. e4 c5 2. Nc3 Nc6 3. f4 g6 4. Nf3 Bg7 5. Bb5 Nd4 6. O-O Nxb5 7. Nxb5 d5 8.
exd5 a6 9. Nc3 Nf6 10. d4 Nxd5 11. dxc5 Nxc3 12. Qxd8+ Kxd8 13. bxc3 Bxc3 14.
Rb1 Kc7 15. Rb3 Bg7 16. Bd2 a5 17. Rb5 Bd7 18. Rxa5 Rxa5 19. Bxa5+ Kc6 20. Rb1
Ra8 21. Rb6+ Kxc5 22. Rxb7 Bc6 23. Bb4+ Kc4 24. Nd2+ Kd5 25. c4+ Kd4 26. Rc7
Ra6 27. a3 Kd3 28. Nb3 Rb6 29. c5 Ra6 30. Rxe7 Bd5 31. Rd7 Kc4 32. Na5+ Rxa5
33. Bxa5 Bd4+ 34. Kf1 Bxc5 35. a4 Be3 36. g3 Be6 37. Rc7+ Kb3 38. Rc3+ Kxa4 39.
Rxe3 Kxa5 40. Rc3 Kb4 41. Rc7 Kb5 42. Kf2 Kb6 43. Rc1 Bd5 44. Ke3 Bc6 45. Kd4
Kc7 46. Ke5 Kd7 47. Rxc6 Kxc6 48. Kf6 1-0

[Event "World Rapid 2015"]
[Site "Berlin GER"]
[Date "2015.10.12"]
[Round "15.77"]
[White "Hilverda, Alexander"]
[Black "Richter, Michael"]
[Result "0-1"]
[WhiteElo "2384"]
[BlackElo "2517"]
[PlyCount "110"]
[EventDate "2015.10.10"]
[EventType "rapid"]

1. d4 d5 2. c4 e6 3. Nc3 c6 4. Nf3 dxc4 5. e3 b5 6. a4 Bb4 7. Bd2 a5 8. axb5
Bxc3 9. Bxc3 cxb5 10. b3 Bb7 11. bxc4 b4 12. Bb2 Nf6 13. Bd3 Nbd7 14. O-O O-O
15. Nd2 Qc7 16. Bc2 e5 17. d5 Rfc8 18. e4 Ba6 19. Ba4 Nc5 20. Bc6 Bb7 21. Bxb7
Nxb7 22. f4 Nd7 23. Qg4 Nbc5 24. fxe5 Nxe5 25. Qg3 Ncd3 26. Bd4 a4 27. Rf5 Re8
28. c5 b3 29. Nc4 b2 30. Nxb2 Nxb2 31. Bxb2 Qxc5+ 32. Kh1 Ng6 33. d6 Qc2 34.
Rf2 Qxe4 35. Qc3 f6 36. h3 Ne5 37. Re1 Qd3 38. Rfe2 Qxc3 39. Bxc3 Kf7 40. Bxe5
Rxe5 41. Rxe5 fxe5 42. Rxe5 a3 43. Re7+ Kf6 44. Re1 a2 45. d7 Kf7 46. Ra1 Ke7
47. Kh2 Kxd7 48. Kg3 Kd6 49. Kf3 Ke5 50. Ke3 Ra3+ 51. Ke2 Kf4 52. Kf2 h5 53.
Ke2 Kg3 54. Kf1 g6 55. Kg1 Rb3 0-1

[Event "World Rapid 2015"]
[Site "Berlin GER"]
[Date "2015.10.12"]
[Round "15.78"]
[White "Thornton, Giovanni Antonio"]
[Black "Lagunow, Raphael"]
[Result "0-1"]
[WhiteElo "2207"]
[BlackElo "2164"]
[PlyCount "60"]
[EventDate "2015.10.10"]
[EventType "rapid"]

1. c4 e5 2. Nc3 Nc6 3. g3 g6 4. Bg2 Bg7 5. Nf3 d6 6. O-O f5 7. d3 Nf6 8. Rb1
O-O 9. b4 h6 10. Bd2 g5 11. b5 Ne7 12. Ne1 f4 13. Nc2 h5 14. Ne4 Nxe4 15. Bxe4
Bh3 16. Bxb7 Bxf1 17. Qxf1 Rb8 18. Be4 g4 19. Qg2 Bh6 20. Bc3 Nf5 21. Nb4 Qg5
22. Nc6 Rbe8 23. Bd2 Qg6 24. Rd1 h4 25. gxh4 Kh8 26. h3 Rg8 27. Kh1 Qh5 28.
Bxf5 Qxf5 29. Qe4 Qh5 30. f3 Qxh4 0-1